Lost Show Characters Quiz - Statistics

General Stats
  • This quiz has been taken 175 times
  • The average score is 15 of 34
Answer Stats
Number of Apperances Answer % Correct
108 Kate Austen
92%
104 James "Sawyer" Ford
87%
101 John Locke
83%
107 Hugo "Hurley" Reyes
79%
88 Sun-Hwa Kwan
78%
92 Jin-Soo Kwan
77%
98 Sayid Jarrah
75%
61 Benjamin Linus
69%
49 Juliet Burke
61%
46 Desmond Hume
58%
65 Charlie Pace
57%
Evangeline Lilly
55%
28 Boone Carlyle
52%
72 Claire Littleton
50%
113 Jack Shepard
50%
23 Ana-Lucia Cortez
46%
Matthew Fox
45%
Josh Holloway
36%
30 Richard Alpert
36%
Terry O'Quinn
36%
Jorge Garcia
33%
Daniel Dae Kim
30%
Emille de Ravin
30%
Naveen Andrews
30%
Ian Somerhalder
28%
Dominic Monaghan
27%
Micheal Emerson
23%
Michelle Rodriguez
23%
Yunjin Kim
23%
Henry Ian Cusick
21%
Elizabeth Mitchell
20%
Nester Carbonell
15%
Harold Perrineau
8%
48 Micheal Dawson
8%
No matching quizzes found
Score Distribution
Percent of People with Each Score
Percentile by Number Answered
Your Score History
You have not taken this quiz